| 000 | 01004 a2200205 4500 | ||
|---|---|---|---|
| 001 | 54593 | ||
| 005 | 20260407155820.0 | ||
| 008 | 260407a2007 arg spa d | ||
| 003 | AR-UNSa-BCEJYS | ||
| 040 |
_aAR-UNSa-BCEJYS _bspa _cAR-UNSa-BCEJYS |
||
| 080 |
_a316.334.3 _xSociología de subsistemas e instituciones políticas. Sociología política |
||
| 245 | 1 | 0 |
_aRousseau: su crítica social y su propuesta política _p(una lectura actual y libertaria) |
| 020 | _a978-987-03-1005-1 | ||
| 264 | 1 |
_aBuenos Aires : _bLa Ley _c2007 |
|
| 300 |
_a120 p. _c24 cm. |
||
| 505 | _aI. Introducción - II. Discurso sobre las ciencias y las artes (Primer discurso) - III. Discurso sobre el origen de la desigualdad entre los hombres (Segundo discurso) - IV. Ensayo sobre el origen de las lenguas - V. Carta a M. D'alembert (Sobre los espectáculos) - VI. Las cartas morales (Cartas a Sofía) - VII. El contrato social | ||
| 942 | _cBK | ||
| 590 | _aniveau_biblio:m niveau_hierar:0 | ||
| 100 | 1 | _aD'Auria, Aníbal | |
| 999 |
_c5668 _d5668 |
||